<?xml version="1.0" encoding="UTF-8"?>
<record
    xmlns:xsi="http://www.w3.org/2001/XMLSchema-instance"
    xsi:schemaLocation="http://www.loc.gov/MARC21/slim http://www.loc.gov/standards/marcxml/schema/MARC21slim.xsd"
    xmlns="http://www.loc.gov/MARC21/slim">

  <leader>02385cam a22003255a 4500</leader>
  <controlfield tag="001">13928669</controlfield>
  <controlfield tag="005">20160405145123.0</controlfield>
  <controlfield tag="008">050413t2006    maua   frb    001 0 eng d</controlfield>
  <datafield tag="020" ind1=" " ind2=" ">
    <subfield code="a">0618515569</subfield>
  </datafield>
  <datafield tag="020" ind1=" " ind2=" ">
    <subfield code="a">9780618515561</subfield>
  </datafield>
  <datafield tag="040" ind1=" " ind2=" ">
    <subfield code="a">DUQ</subfield>
    <subfield code="c">DUQ</subfield>
    <subfield code="d">DUQ</subfield>
    <subfield code="d">BAKER</subfield>
    <subfield code="d">IXA</subfield>
    <subfield code="d">DLC</subfield>
    <subfield code="d">EG-ScBUE</subfield>
    <subfield code="b">eng</subfield>
  </datafield>
  <datafield tag="082" ind1="0" ind2="4">
    <subfield code="a">378.12</subfield>
    <subfield code="2">22</subfield>
    <subfield code="b">MCK</subfield>
  </datafield>
  <datafield tag="100" ind1="1" ind2=" ">
    <subfield code="a">McKeachie, Wilbert James,</subfield>
    <subfield code="d">1921-</subfield>
    <subfield code="9">39789</subfield>
  </datafield>
  <datafield tag="245" ind1="1" ind2="0">
    <subfield code="a">McKeachie's teaching tips :</subfield>
    <subfield code="b">strategies, research, and theory for college and university teachers /</subfield>
    <subfield code="c">Wilbert J. McKeachie, Marilla Svinicki ; with chapters by Barbara Hofer ... [et al.]</subfield>
  </datafield>
  <datafield tag="250" ind1=" " ind2=" ">
    <subfield code="a">12th ed.</subfield>
  </datafield>
  <datafield tag="260" ind1=" " ind2=" ">
    <subfield code="a">Boston ;</subfield>
    <subfield code="a">New York :</subfield>
    <subfield code="b">Houghton Mifflin,</subfield>
    <subfield code="c">c.2006.</subfield>
  </datafield>
  <datafield tag="300" ind1=" " ind2=" ">
    <subfield code="a">xxii, 407 p. :</subfield>
    <subfield code="b">ill. ;</subfield>
    <subfield code="c">21 cm.</subfield>
  </datafield>
  <datafield tag="490" ind1="0" ind2=" ">
    <subfield code="a">College teaching series.</subfield>
  </datafield>
  <datafield tag="500" ind1=" " ind2=" ">
    <subfield code="a">Index : p. 391-407.</subfield>
  </datafield>
  <datafield tag="504" ind1=" " ind2=" ">
    <subfield code="a">Bibliography : p. 360-389.</subfield>
  </datafield>
  <datafield tag="505" ind1="0" ind2=" ">
    <subfield code="a">Introduction -- Countdown for course preparation -- Meeting a class for the first time -- Reading as active learning -- Facilitating discussion : posing problems, listening, questioning -- How to make lectures more effective -- Assessing, testing, and evaluating : grading is not the most important function -- Testing : the details -- Tests from the students' perspective -- What to do about cheating -- The ABC's of assigning grades -- Motivation in the college classroom -- Teaching culturally diverse students -- Dealing with student problems and problem students (there's almost always at least one!) -- How to enhance learning by using high-stakes and low-stakes writing -- Active learning : cooperative, collaborative, and peer learning -- Problem-based learning : teaching with cases, simulations, and games -- Technology and teaching -- Teaching large classes (you can still get active learning!) -- Laboratory instruction : ensuring an active learning experience -- Teacher's role in experiential learning -- Teaching by distance education -- Teaching students how to become more strategic and self-regulated learners -- Teaching thinking -- Ethics of teaching and the teaching of ethics -- Vitality and growth throughout your teaching career.</subfield>
  </datafield>
  <datafield tag="650" ind1=" " ind2="7">
    <subfield code="a">College teaching.</subfield>
    <subfield code="2">BUEsh</subfield>
    <subfield code="9">4139</subfield>
  </datafield>
  <datafield tag="650" ind1=" " ind2="7">
    <subfield code="a">First year teachers.</subfield>
    <subfield code="2">BUEsh</subfield>
    <subfield code="9">39790</subfield>
  </datafield>
  <datafield tag="650" ind1=" " ind2="7">
    <subfield code="a">Teaching.</subfield>
    <subfield code="2">BUEsh</subfield>
    <subfield code="9">8353</subfield>
  </datafield>
  <datafield tag="651" ind1=" " ind2=" ">
    <subfield code="2">BUEsh</subfield>
  </datafield>
  <datafield tag="653" ind1=" " ind2=" ">
    <subfield code="b">EEENG</subfield>
    <subfield code="c">April2016</subfield>
  </datafield>
  <datafield tag="700" ind1="1" ind2=" ">
    <subfield code="a">Svinicki, Marilla D.,</subfield>
    <subfield code="d">1946-</subfield>
  </datafield>
  <datafield tag="700" ind1="1" ind2=" ">
    <subfield code="a">Hofer, Barbara K.</subfield>
  </datafield>
  <datafield tag="942" ind1=" " ind2=" ">
    <subfield code="2">ddc</subfield>
  </datafield>
  <datafield tag="999" ind1=" " ind2=" ">
    <subfield code="c">21593</subfield>
    <subfield code="d">21565</subfield>
  </datafield>
  <datafield tag="952" ind1=" " ind2=" ">
    <subfield code="0">0</subfield>
    <subfield code="1">0</subfield>
    <subfield code="2">ddc</subfield>
    <subfield code="4">0</subfield>
    <subfield code="7">0</subfield>
    <subfield code="8">Modern A. </subfield>
    <subfield code="a">MAIN</subfield>
    <subfield code="b">MAIN</subfield>
    <subfield code="c">1ST</subfield>
    <subfield code="d">2016-04-05</subfield>
    <subfield code="e">Purchase</subfield>
    <subfield code="g">226.38</subfield>
    <subfield code="h">229</subfield>
    <subfield code="l">1</subfield>
    <subfield code="m">1</subfield>
    <subfield code="o">378.12 MCK</subfield>
    <subfield code="p">000032297</subfield>
    <subfield code="r">2025-07-15 00:00:00</subfield>
    <subfield code="s">2017-02-05</subfield>
    <subfield code="v">282.98</subfield>
    <subfield code="y">BB</subfield>
  </datafield>
</record>
